Diseño y comunicación visual: Contribución a una metodología didáctica.
Guardat en:
| Autor principal: | |
|---|---|
| Altres autors: | |
| Format: | Llibre |
| Idioma: | espanyol |
| Publicat: |
Barcelona, España:
Gustavo Gili,
1985.
|
| Edició: | 1a. edición. |
| Col·lecció: | Colección CG Diseño
|
| Matèries: | |
| Etiquetes: |
Afegir etiqueta
Sense etiquetes, Sigues el primer a etiquetar aquest registre!
|
MARC
| LEADER | 00000nam a2200000 a 4500 | ||
|---|---|---|---|
| 001 | UCM9095 | ||
| 003 | CL-VaPUC | ||
| 005 | 20250407202442.0 | ||
| 008 | 030411t19850000SP |||||||||||||||||spa|d | ||
| 999 | |c 447247 |d 447245 | ||
| 020 | |a 978-84-252-1203-1 | ||
| 040 | |c Pontificia Universidad Católica de Valparaíso | ||
| 082 | 0 | 4 | |a 745.2 MUN 1985 |2 21 |
| 100 | |a Munari, Bruno |e autor |9 589429 | ||
| 245 | 1 | 0 | |a Diseño y comunicación visual: |b Contribución a una metodología didáctica. |
| 250 | |a 1a. edición. | ||
| 260 | |a Barcelona, España: |b Gustavo Gili, |c 1985. | ||
| 300 | |a 365 páginas: |b ilustraciones. | ||
| 490 | 0 | |a Colección CG Diseño | |
| 500 | |a c.1-c.3. Instituto Arcos.08-01-2025. | ||
| 583 | |a last modification |c 20030411 00:00:00 |k Gabriela Rodríguez Cuevas | ||
| 650 | 0 | |a Diseño gráfico |9 266874 | |
| 650 | 0 | |a Comunicación visual |9 265349 | |
| 650 | 0 | |a Artes gráficas |9 265865 | |
| 700 | |9 896633 |a Serra i Cantarell, Francesc |e versión castellana | ||
| 942 | |c BK |2 ddc |n 0 | ||
| 945 | |d 20030411 00:00:00 |a cmena | ||
| 952 | |0 0 |1 0 |2 ddc |4 0 |6 745_200000000000000_MUN_1985 |7 0 |8 A |9 600992 |a BIBINC |b BIBINC |d 2025-03-12 |e Instituto Arcos |i 5665880 |l 1 |o 745.2 MUN 1985 |p 5665880 |r 2025-04-16 |s 2025-04-11 |t 1 |w 2025-03-12 |y BK |k IFP | ||
| 952 | |0 0 |1 0 |2 ddc |4 0 |6 745_200000000000000_MUN_1985 |7 0 |8 A |9 600993 |a BIBINC |b BIBINC |d 2025-03-12 |e Instituto Arcos |i 5665881 |o 745.2 MUN 1985 |p 5665881 |r 2025-03-12 |t 2 |w 2025-03-12 |y BK |k IFP | ||
| 952 | |0 0 |1 0 |2 ddc |4 0 |6 745_200000000000000_MUN_1985 |7 0 |8 A |9 600994 |a BIBINC |b BIBINC |d 2025-03-12 |e Instituto Arcos |i 5665882 |o 745.2 MUN 1985 |p 5665882 |r 2025-03-12 |t 3 |w 2025-03-12 |y BK |k IFP | ||